[Event "OLSW 1819 SK Gau-Algesheim - SV Worms 1"]
[Site "?"]
[Date "2019.02.24"]
[Round "7.7"]
[White "Martin, Mike"]
[Black "Hipler, Andreas"]
[Result "1-0"]
[WhiteElo "2156"]
[BlackElo "1870"]
[PlyCount "37"]
[EventDate "2019.??.??"]

1. e4 d5 2. Nc3 dxe4 3. Bc4 Nf6 4. Nge2 Bf5 5. O-O e6 6. Ng3 Bg6 7. Qe2 c6 8.
Ncxe4 Nbd7 9. d3 Be7 10. f4 O-O 11. f5 exf5 12. Nxf5 Nxe4 13. Qxe4 Bc5+ 14. Kh1
Re8 15. Qf4 Nf6 16. Bd2 Qd7 17. Nxg7 Nh5 18. Nxh5 Bxh5 19. Qg5+ 1-0

[Event "OLSW 1819 SK Gau-Algesheim - SV Worms 1"]
[Site "?"]
[Date "2019.02.24"]
[Round "7.8"]
[White "Grieb, Stefan"]
[Black "Musiolik, David"]
[Result "0-1"]
[WhiteElo "1886"]
[BlackElo "2088"]
[PlyCount "57"]
[EventDate "2019.??.??"]

1. d4 d5 2. g3 Nf6 3. Bg2 e6 4. Nf3 Be7 5. O-O O-O 6. c3 b6 7. Bg5 Bb7 8. Nbd2
Nbd7 9. Rc1 c5 10. a3 Rc8 11. Re1 h6 12. Bf4 a5 13. Ne5 Nh5 14. e3 Ndf6 15. g4
Nxf4 16. exf4 Ne8 17. Re3 Nd6 18. Rh3 cxd4 19. cxd4 Rxc1 20. Qxc1 Ne4 21. Qd1
Bh4 22. Nxe4 dxe4 23. g5 hxg5 24. f3 e3 25. Qd3 e2 26. Qxe2 Qxd4+ 27. Kh1 Qxf4
28. Bf1 Rd8 29. Qc4 0-1

[Event "OLSW 1819 SV Worms 1878 - SK Landau"]
[Site "?"]
[Date "2019.03.24"]
[Round "8.1"]
[White "Muranyi, Karl-Jasmin"]
[Black "Nasshan, Dennis"]
[Result "1/2-1/2"]
[WhiteElo "2331"]
[BlackElo "2315"]
[PlyCount "31"]
[EventDate "2019.??.??"]

1. d4 d5 2. c3 Nf6 3. Bf4 e6 4. e3 c5 5. Nf3 Nc6 6. Nbd2 Bd6 7. Bg3 O-O 8. a3
b6 9. b4 Qc7 10. Bb5 Bd7 11. Qe2 Ne7 12. Bxd6 Qxd6 13. O-O Bxb5 14. Qxb5 a6 15.
Qa4 c4 16. Qc2 1/2-1/2

[Event "OLSW 1819 SV Worms 1878 - SK Landau"]
[Site "?"]
[Date "2019.03.24"]
[Round "8.2"]
[White "Heider, Martin"]
[Black "Baerwinkel, Tobias"]
[Result "0-1"]
[WhiteElo "2409"]
[BlackElo "2349"]
[PlyCount "138"]
[EventDate "2019.??.??"]

1. e4 c5 2. Nf3 Nc6 3. c3 d5 4. exd5 Qxd5 5. d4 e6 6. Be3 cxd4 7. cxd4 Nf6 8.
Nc3 Qd6 9. Bd3 Be7 10. O-O O-O 11. Rc1 Rd8 12. Bb1 Bd7 13. a3 Rac8 14. Qd3 Be8
15. Rfd1 g6 16. h3 Nd5 17. Ne4 Qb8 18. Bh6 Bf8 19. Qd2 Bg7 20. g3 Nce7 21. Rxc8
Rxc8 22. Bxg7 Kxg7 23. Ne5 Nf5 24. g4 Nd6 25. Ng3 h6 26. g5 h5 27. Qd3 Nf5 28.
Nxf5+ exf5 29. Qf3 Bc6 30. Ba2 Qd6 31. Nxc6 bxc6 32. Re1 Nf4 33. Qc3 Kg8 34. h4
Rd8 35. Qc4 Nd5 36. Re5 Kg7 37. Qc5 Qd7 38. Bxd5 cxd5 39. Re7 Qa4 40. Qxa7 Qd1+
41. Kh2 Rf8 42. Qc7 Kg8 43. Qf4 Qb3 44. Re2 Qd3 45. Qe3 Qd1 46. Qd2 Qb3 47. Qe3
Qd1 48. b4 Rc8 49. Qd2 Qa1 50. Qb2 Qf1 51. Rc2 Re8 52. Rc1 Qd3 53. Qc3 Qe4 54.
Qg3 Qxd4 55. Rc3 Re4 56. Rd3 Rxh4+ 57. Kg2 Qe4+ 58. Qf3 Qe7 59. Rxd5 Qxg5+ 60.
Kf1 Qc1+ 61. Rd1 Qc4+ 62. Kg1 Rg4+ 63. Kh1 Rf4 64. Qd5 Qe2 65. Rg1 Kg7 66. Qc6
Rh4+ 67. Kg2 Qg4+ 68. Kf1 Qd1+ 69. Kg2 Rg4+ 0-1

[Event "OLSW 1819 SV Worms 1878 - SK Landau"]
[Site "?"]
[Date "2019.03.24"]
[Round "8.3"]
[White "Becking, Stephan"]
[Black "Feldmann, Johannes"]
[Result "1-0"]
[WhiteElo "2409"]
[BlackElo "2201"]
[PlyCount "57"]
[EventDate "2019.??.??"]

1. Nf3 Nf6 2. g3 d5 3. Bg2 c6 4. O-O Bf5 5. d3 e6 6. Nc3 h6 7. Qe1 Be7 8. e4
Bh7 9. Ne5 O-O 10. f4 Nbd7 11. Nf3 Nc5 12. e5 Nfd7 13. g4 a5 14. Kh1 Qc7 15.
Ne2 Rfe8 16. Ng3 Bf8 17. g5 hxg5 18. Nxg5 Bg6 19. d4 Na6 20. c3 c5 21. f5 exf5
22. Nxf5 cxd4 23. cxd4 Nb4 24. Qg3 Ra6 25. a3 Nc2 26. Bxd5 Nxa1 27. Nxf7 Bxf7
28. Bxf7+ Kh7 29. Qh3+ 1-0

[Event "OLSW 1819 SV Worms 1878 - SK Landau"]
[Site "?"]
[Date "2019.03.24"]
[Round "8.4"]
[White "Ollenberger, Roland"]
[Black "Lang, Torsten"]
[Result "1-0"]
[WhiteElo "2263"]
[BlackElo "2333"]
[PlyCount "81"]
[EventDate "2019.??.??"]

1. e4 g6 2. d4 c6 3. Nc3 d5 4. Nf3 Bg7 5. Be3 Bg4 6. h3 Bxf3 7. Qxf3 e6 8.
O-O-O Ne7 9. Bg5 Nd7 10. g4 O-O 11. exd5 exd5 12. h4 f6 13. Be3 f5 14. g5 Nc8
15. Bf4 Rf7 16. h5 Nf8 17. hxg6 hxg6 18. Qh3 Nd6 19. Bg2 Ne4 20. Nxe4 fxe4 21.
Be3 Qd6 22. Rh2 Re8 23. Bf1 Qb4 24. Be2 a5 25. c3 Qd6 26. Rdh1 b5 27. Kb1 Qb8
28. Qf1 b4 29. c4 Qa7 30. Rh4 Ne6 31. Bg4 Nxd4 32. Qh3 Kf8 33. Rh8+ Ke7 34.
Rxe8+ Kxe8 35. Qh7 Qe7 36. Qxg6 Kf8 37. Bh5 Nf3 38. Bc5 Nd2+ 39. Kc2 b3+ 40.
axb3 Qxc5 41. Qxf7# 1-0

[Event "OLSW 1819 SV Worms 1878 - SK Landau"]
[Site "?"]
[Date "2019.03.24"]
[Round "8.5"]
[White "Leuranguer, Yannick"]
[Black "Steinkohl, Thomas"]
[Result "1/2-1/2"]
[WhiteElo "2259"]
[BlackElo "2213"]
[PlyCount "35"]
[EventDate "2019.??.??"]

1. e4 e5 2. Nf3 Nc6 3. d4 exd4 4. Nxd4 Nf6 5. Nc3 Bb4 6. Nxc6 bxc6 7. Bd3 d5 8.
exd5 cxd5 9. O-O O-O 10. Bg5 c6 11. Qf3 Be7 12. h3 Be6 13. Ne2 c5 14. Ng3 c4
15. Bf5 Qd7 16. Be3 g6 17. Bxe6 fxe6 18. Bd4 1/2-1/2

[Event "OLSW 1819 SV Worms 1878 - SK Landau"]
[Site "?"]
[Date "2019.03.24"]
[Round "8.6"]
[White "Helbig, Daniel"]
[Black "Bernhardt, Rolf"]
[Result "1-0"]
[WhiteElo "2219"]
[BlackElo "2222"]
[PlyCount "69"]
[EventDate "2019.??.??"]

1. e4 e5 2. Nf3 Nc6 3. Nc3 Nf6 4. g3 Bc5 5. Bg2 d6 6. d3 a6 7. O-O O-O 8. h3 h6
9. Be3 Be6 10. d4 exd4 11. Nxd4 Nxd4 12. Bxd4 Bxd4 13. Qxd4 Qd7 14. Kh2 Rad8
15. Rad1 c5 16. Qe3 Qc7 17. Rd2 b5 18. Rfd1 b4 19. Ne2 Rfe8 20. Qf4 Qa5 21. Nc1
Bxa2 22. b3 Bb1 23. Nd3 Qa2 24. Nxc5 Bxc2 25. Nb7 Qxb3 26. Rc1 Bxe4 27. Nxd8
Bxg2 28. Rxd6 Ba8 29. Nc6 Ne4 30. Rd7 Qe6 31. Rc7 Nc3 32. Re1 Nd5 33. Rxe6 Nxc7
34. Rxe8+ Nxe8 35. Nxb4 1-0

[Event "OLSW 1819 SV Worms 1878 - SK Landau"]
[Site "?"]
[Date "2019.03.24"]
[Round "8.7"]
[White "Moeldner, Juergen"]
[Black "Schluchter, Steffen"]
[Result "1/2-1/2"]
[WhiteElo "2231"]
[BlackElo "2116"]
[PlyCount "76"]
[EventDate "2019.??.??"]

1. e4 c6 2. d4 d5 3. e5 Bf5 4. Nf3 e6 5. Be2 Ne7 6. O-O Nd7 7. Nbd2 Ng6 8. Nb3
Bg4 9. Be3 Be7 10. h3 Bxf3 11. Bxf3 c5 12. Nxc5 Nxc5 13. dxc5 Nxe5 14. Be2 O-O
15. c3 Qc7 16. b4 b6 17. cxb6 axb6 18. Qb3 Rfc8 19. Rfc1 Bf6 20. Rc2 Nd7 21.
Rac1 Qc6 22. c4 d4 23. Bf3 Qd6 24. Bxa8 dxe3 25. Bf3 exf2+ 26. Kxf2 Bd4+ 27.
Ke1 Qg3+ 28. Kd1 Ne5 29. Re2 Nxf3 30. Qxf3 Qg5 31. Rcc2 g6 32. g3 Qe7 33. a3 e5
34. Ke1 Qe6 35. Qg4 Qc6 36. Qe4 Qe6 37. Qg4 Qc6 38. Qe4 Qe6 1/2-1/2

[Event "OLSW 1819 SV Worms 1878 - SK Landau"]
[Site "?"]
[Date "2019.03.24"]
[Round "8.8"]
[White "Martin, Mike"]
[Black "Lang, Matthias"]
[Result "1-0"]
[WhiteElo "2163"]
[BlackElo "2168"]
[PlyCount "79"]
[EventDate "2019.??.??"]

1. e4 g6 2. d4 c6 3. Nc3 d5 4. f3 Bg7 5. Be3 Qb6 6. Qd2 Qxb2 7. Rb1 Qa3 8. exd5
Nd7 9. Rb3 Qa5 10. Bd3 Ngf6 11. dxc6 bxc6 12. Nge2 Nb6 13. Qc1 Be6 14. Ra3 Qb4
15. O-O Qd6 16. Bf4 Qd7 17. Ne4 Nxe4 18. fxe4 Bg4 19. Bh6 O-O 20. Bxg7 Kxg7 21.
c3 e5 22. Qe3 Rad8 23. h3 Be6 24. Qg3 Nc4 25. Bxc4 Bxc4 26. Qxe5+ f6 27. Qc5
Bxe2 28. Rf2 Rf7 29. Rxe2 Qb7 30. Rb3 Qa6 31. c4 Rfd7 32. Ra3 Qb6 33. Qxb6 axb6
34. d5 cxd5 35. exd5 Rc8 36. Ra4 Rdc7 37. d6 Rxc4 38. Ra7+ Kh6 39. d7 Rc1+ 40.
Kh2 1-0

[Event "OLSW 1819 SC Caissa Schwarzenbach - SK "]
[Site "?"]
[Date "2019.03.24"]
[Round "8.1"]
[White "Ovsejevitsch, Sergei"]
[Black "Frischmann, Rick"]
[Result "1-0"]
[WhiteElo "2603"]
[BlackElo "2326"]
[PlyCount "71"]
[EventDate "2019.??.??"]

1. e4 c5 2. b3 Nf6 3. e5 Nd5 4. Bb2 g6 5. Qf3 Nc7 6. h4 Ne6 7. h5 g5 8. h6 Nc6
9. Na3 Ned4 10. Qg3 Rg8 11. Bd3 d5 12. exd6 Qxd6 13. Qxd6 exd6 14. Nb5 Kd8 15.
Nxd4 cxd4 16. Nf3 Ne5 17. Bxh7 Nxf3+ 18. gxf3 Rh8 19. Be4 Rxh6 20. Rxh6 Bxh6
21. Bxd4 Kc7 22. Ke2 g4 23. Rh1 gxf3+ 24. Bxf3 Bg5 25. Rg1 Bf4 26. Rg8 Rb8 27.
Bxa7 Ra8 28. Be3 Bxe3 29. Kxe3 Rxa2 30. Be4 Ra1 31. Rf8 Re1+ 32. Kd4 Be6 33. f4
Re2 34. f5 Bd7 35. Kd3 Rf2 36. Ke3 1-0

[Event "OLSW 1819 SC Caissa Schwarzenbach - SK "]
[Site "?"]
[Date "2019.03.24"]
[Round "8.2"]
[White "Wild, Achim"]
[Black "Karsay, Pascal"]
[Result "1/2-1/2"]
[WhiteElo "2257"]
[BlackElo "2323"]
[PlyCount "95"]
[EventDate "2019.??.??"]

1. Nf3 d5 2. e3 Nf6 3. c4 g6 4. cxd5 Nxd5 5. d4 Bg7 6. e4 Nb6 7. Be2 O-O 8. O-O
Bg4 9. Nbd2 e5 10. dxe5 Nc6 11. h3 Bxf3 12. Nxf3 Nxe5 13. Nxe5 Qxd1 14. Rxd1
Bxe5 15. Rb1 Rfd8 16. Be3 Rxd1+ 17. Rxd1 Bxb2 18. f4 Re8 19. e5 Ba3 20. Kf2 Be7
21. Bxb6 axb6 22. Rd7 Bc5+ 23. Kf3 Re7 24. Rd8+ Kg7 25. Bc4 c6 26. a4 h5 27. g3
Bb4 28. Ke4 Bc3 29. Rd3 Be1 30. g4 hxg4 31. hxg4 f6 32. e6 Bb4 33. f5 g5 34.
Kf3 Bc5 35. Rb3 Rc7 36. Rd3 Re7 37. Rd8 Bb4 38. Bd3 Bc5 39. Be4 Bb4 40. Ke2 Bc5
41. Kd3 Bf2 42. Kc4 Be3 43. Rd3 Bg1 44. Rg3 Bf2 45. Rg2 Be3 46. Re2 Bg1 47. Ra2
Be3 48. Re2 1/2-1/2

[Event "OLSW 1819 SC Caissa Schwarzenbach - SK "]
[Site "?"]
[Date "2019.03.24"]
[Round "8.3"]
[White "Kling, Felix"]
[Black "Weller, Manuel"]
[Result "0-1"]
[WhiteElo "2145"]
[BlackElo "2246"]
[PlyCount "102"]
[EventDate "2019.??.??"]

1. d4 d5 2. c4 Nc6 3. Nf3 Bg4 4. e3 e5 5. Qb3 Bxf3 6. gxf3 Bb4+ 7. Bd2 Bxd2+ 8.
Nxd2 exd4 9. cxd5 dxe3 10. fxe3 Qh4+ 11. Kd1 Nd8 12. Rc1 Nf6 13. Rxc7 O-O 14.
Be2 Re8 15. e4 Qf4 16. Qc3 Nc6 17. Rxb7 Ne5 18. Rc7 Red8 19. Bb5 Rab8 20. a4 a6
21. Be2 Ne8 22. Rc5 Nd6 23. b4 f5 24. Qd4 fxe4 25. fxe4 Nf5 26. Qc3 Ne3+ 27.
Kc1 Kh8 28. a5 Nd7 29. Rc6 Nf6 30. Bd3 Nexd5 31. exd5 Nxd5 32. Rf1 Qe3 33. Qc4
Nxb4 34. Qxb4 Rxb4 35. Rc3 Qe5 36. Kc2 Qxa5 37. Bc4 Qa4+ 38. Bb3 Qd7 39. Nc4
Rbb8 40. Kb1 Qe7 41. Rfc1 Qg5 42. Ka2 g6 43. R1c2 a5 44. Na3 Rd2 45. Rxd2 Qxd2+
46. Rc2 Qd3 47. Bc4 Qd4 48. Re2 Rf8 49. Rc2 Rf2 50. Be2 Qd5+ 51. Kb2 Qe5+ 0-1

[Event "OLSW 1819 SC Caissa Schwarzenbach - SK "]
[Site "?"]
[Date "2019.03.24"]
[Round "8.4"]
[White "Grewenig, Jan"]
[Black "Frede, Lennart"]
[Result "1/2-1/2"]
[WhiteElo "2138"]
[BlackElo "2195"]
[PlyCount "91"]
[EventDate "2019.??.??"]

1. e4 e5 2. Nf3 Nc6 3. d4 exd4 4. Nxd4 Bc5 5. Nb3 Bb6 6. Nc3 Nf6 7. Bg5 h6 8.
Bh4 d6 9. Qe2 Be6 10. O-O-O O-O 11. Kb1 Re8 12. h3 Bxb3 13. axb3 Bd4 14. f3 a5
15. Nb5 Bb6 16. Be1 a4 17. b4 d5 18. Bc3 Qe7 19. exd5 Nxd5 20. Qxe7 Ncxe7 21.
Bd3 a3 22. Bd2 axb2 23. Kxb2 Rad8 24. Rhe1 c6 25. Na3 Nc8 26. Nc4 Bc7 27. Rxe8+
Rxe8 28. Ra1 b5 29. Na5 Be5+ 30. c3 Nxb4 31. Be4 Nd6 32. Bxc6 Nxc6 33. Nxc6
Nc4+ 34. Kc2 Bf6 35. Kd3 Rc8 36. Nd4 Nxd2 37. Kxd2 b4 38. Ne2 bxc3+ 39. Kc2 Kf8
40. Ra3 Re8 41. Nxc3 Bxc3 42. Kxc3 Re2 43. g3 Rh2 44. Kd4 Rxh3 45. g4 Kg8 46.
Ke4 1/2-1/2

[Event "OLSW 1819 SC Caissa Schwarzenbach - SK "]
[Site "?"]
[Date "2019.03.24"]
[Round "8.6"]
[White "Tabatt, Hendrik"]
[Black "Grieb, Lukas"]
[Result "1-0"]
[WhiteElo "2338"]
[BlackElo "1788"]
[PlyCount "39"]
[EventDate "2019.??.??"]

1. Nf3 d5 2. g3 Nf6 3. Bg2 e6 4. O-O Bd6 5. d3 O-O 6. Nc3 c6 7. e4 Nbd7 8. Re1
Qc7 9. Bg5 dxe4 10. dxe4 e5 11. Nh4 b5 12. Nf5 Bc5 13. Qf3 Re8 14. Rad1 Kh8 15.
Nh6 Rf8 16. Bh3 Be7 17. Nf5 Bc5 18. Rd2 Ng8 19. Qg4 Ndf6 20. Bxf6 1-0

[Event "OLSW 1819 SC Caissa Schwarzenbach - SK "]
[Site "?"]
[Date "2019.03.24"]
[Round "8.7"]
[White "Hipler, Andreas"]
[Black "Becker, Joerg"]
[Result "0-1"]
[WhiteElo "1867"]
[BlackElo "2105"]
[PlyCount "66"]
[EventDate "2019.??.??"]

1. d4 d5 2. Nf3 Nf6 3. e3 c5 4. b3 Nc6 5. Bd3 Bg4 6. Bb2 cxd4 7. exd4 e6 8. O-O
Bd6 9. Nbd2 O-O 10. h3 Bh5 11. c4 dxc4 12. Nxc4 Be7 13. Be2 Nd5 14. Nfe5 Bxe2
15. Qxe2 Nxe5 16. dxe5 b5 17. Nd2 Nf4 18. Qe3 Nd3 19. Bd4 Nb4 20. Rfc1 Bg5 21.
f4 Nd5 22. Qe4 Bxf4 23. Rd1 Rc8 24. Nf3 Qc7 25. Rd3 a5 26. Bf2 Bh6 27. g4 Nf4
28. g5 Nxh3+ 29. Kg2 Nxg5 30. Nxg5 Bxg5 31. Rh1 Qc6 32. Qxc6 Rxc6 33. Rdh3 h6
0-1

[Event "OLSW 1819 SC Caissa Schwarzenbach - SK "]
[Site "?"]
[Date "2019.03.24"]
[Round "8.8"]
[White "Scheuermann, Gerhard"]
[Black "Grieb, Stefan"]
[Result "1-0"]
[WhiteElo "2124"]
[BlackElo "1881"]
[PlyCount "45"]
[EventDate "2019.??.??"]

1. e4 c6 2. d4 d5 3. e5 Bf5 4. Nc3 e6 5. g4 Bg6 6. Nge2 h6 7. h4 Be7 8. h5 Bh7
9. Be3 c5 10. Qd2 Nc6 11. O-O-O cxd4 12. Bxd4 Qa5 13. f4 Nb4 14. f5 Nxa2+ 15.
Nxa2 Qxa2 16. Nc3 Qa5 17. Bb5+ Kd8 18. Kb1 Bg5 19. Qf2 Ne7 20. Bc5 Nc6 21. fxe6
fxe6 22. Qf7 Re8 23. Nxd5 1-0

[Event "OLSW 1819 SK Altenkirchen - SC Turm Win"]
[Site "?"]
[Date "2019.03.24"]
[Round "8.1"]
[White "Spengler, Hanno"]
[Black "Bruehl, Andreas"]
[Result "1/2-1/2"]
[WhiteElo "2061"]
[BlackElo "2351"]
[PlyCount "108"]
[EventDate "2019.??.??"]

1. e4 e5 2. Nf3 Nc6 3. Bc4 Bc5 4. d3 Nf6 5. O-O d6 6. c3 Bb6 7. Bb3 Be6 8. Ba4
O-O 9. Bg5 Qe7 10. Nbd2 Nd8 11. d4 Bg4 12. d5 h6 13. Be3 Nh7 14. h3 Bxf3 15.
Qxf3 f6 16. Bc2 Nf7 17. Nc4 g6 18. Qg4 Nh8 19. Bxh6 Rf7 20. Be3 Rg7 21. Kh1 Nf7
22. a4 Bxe3 23. Nxe3 Rf8 24. b4 f5 25. exf5 Nh6 26. Qf3 Ng5 27. Qe2 gxf5 28. f3
Rf6 29. Rae1 f4 30. Nd1 Qf7 31. c4 Qh5 32. Nf2 Qh4 33. Ne4 Nxe4 34. Bxe4 Rg3
35. Rf2 Nf7 36. Qf1 Ng5 37. Ree2 Kg7 38. Qb1 Rh6 39. Bf5 Rf6 40. c5 e4 41. Bxe4
Nf7 42. Qc2 Ne5 43. cxd6 cxd6 44. Qc7+ Rf7 45. Qxd6 Nc4 46. Qc5 Ne3 47. Qd4+
Kf8 48. d6 Rxh3+ 49. gxh3 Qxh3+ 50. Kg1 Rg7+ 51. Qxg7+ Kxg7 52. Rd2 Kf7 53. d7
Qg3+ 54. Kh1 Qh3+ 1/2-1/2

[Event "OLSW 1819 SK Altenkirchen - SC Turm Win"]
[Site "?"]
[Date "2019.03.24"]
[Round "8.2"]
[White "Weimann, Maximilian"]
[Black "Becker, Thomas"]
[Result "1/2-1/2"]
[WhiteElo "2216"]
[BlackElo "2150"]
[PlyCount "65"]
[EventDate "2019.??.??"]

1. e4 d5 2. exd5 Qxd5 3. Nc3 Qd8 4. d4 Nf6 5. Bc4 e6 6. Nf3 c5 7. d5 exd5 8.
Nxd5 Nxd5 9. Bxd5 Be7 10. Ne5 O-O 11. O-O Nd7 12. Nxd7 Qxd7 13. Qf3 Bf6 14. c3
Qe7 15. Bf4 Be6 16. Bxb7 Rad8 17. Be4 c4 18. a4 Qc5 19. Be3 Qc7 20. Rfd1 Be5
21. h4 h6 22. Bd4 Bxd4 23. cxd4 Rb8 24. d5 Rb3 25. Qe2 Bd7 26. Rac1 Rb4 27. Rd4
Qb6 28. Rcxc4 Rxb2 29. Rd2 Rb4 30. Rdd4 Rb2 31. Rd2 Rb4 32. Rdd4 Rb2 33. Rd2
1/2-1/2

[Event "OLSW 1819 SK Altenkirchen - SC Turm Win"]
[Site "?"]
[Date "2019.03.24"]
[Round "8.3"]
[White "Hermann, Thomas"]
[Black "Wagener, Claude"]
[Result "1/2-1/2"]
[WhiteElo "2106"]
[BlackElo "2253"]
[PlyCount "55"]
[EventDate "2019.??.??"]

1. d4 Nf6 2. Bf4 g6 3. Nc3 d5 4. e3 Bg7 5. Nb5 Na6 6. Nf3 O-O 7. Be2 c6 8. Nc3
Nb8 9. Ne5 Nbd7 10. h4 Nxe5 11. Bxe5 Be6 12. h5 Qa5 13. Qd2 b5 14. hxg6 hxg6
15. Ne4 Qxd2+ 16. Nxd2 a5 17. f3 a4 18. Kf2 Nd7 19. Bxg7 Kxg7 20. b4 Rh8 21.
Bd3 Nb6 22. a3 f6 23. Rae1 Rxh1 24. Rxh1 Bf7 25. Rh2 Re8 26. Rh1 e5 27. Rh2 f5
28. f4 1/2-1/2

[Event "OLSW 1819 SK Altenkirchen - SC Turm Win"]
[Site "?"]
[Date "2019.03.24"]
[Round "8.4"]
[White "Heidorn, Oliver"]
[Black "Hell, Manfred"]
[Result "1/2-1/2"]
[WhiteElo "2126"]
[BlackElo "2112"]
[PlyCount "66"]
[EventDate "2019.??.??"]

1. d4 Nf6 2. c4 g6 3. Nc3 Bg7 4. Bg5 O-O 5. e3 d6 6. Be2 Nbd7 7. Nf3 h6 8. Bh4
g5 9. Bg3 Nh5 10. Qc2 Nxg3 11. hxg3 f5 12. g4 e6 13. gxf5 exf5 14. Bd3 Nb8 15.
O-O-O Na6 16. g3 c5 17. Rh5 Nc7 18. Rdh1 Qf6 19. Ne2 a6 20. Nd2 b5 21. f4 d5
22. fxg5 hxg5 23. g4 bxc4 24. Bxf5 Bxf5 25. gxf5 Nb5 26. Rg1 cxd4 27. Rhxg5 Rf7
28. exd4 Nxd4 29. Nxd4 Qxd4 30. f6 Qxf6 31. Rxd5 Re8 32. Qc3 Qxc3+ 33. bxc3 Kf8
1/2-1/2

[Event "OLSW 1819 SK Altenkirchen - SC Turm Win"]
[Site "?"]
[Date "2019.03.24"]
[Round "8.5"]
[White "Sahm, Philipp"]
[Black "Telke, Holger"]
[Result "0-1"]
[WhiteElo "2019"]
[BlackElo "2077"]
[PlyCount "44"]
[EventDate "2019.??.??"]

1. Nc3 d5 2. d4 Bf5 3. f3 c5 4. e4 dxe4 5. d5 exf3 6. Qxf3 Bxc2 7. Bg5 Nd7 8.
Bc4 Qb6 9. d6 Ngf6 10. Bxf6 gxf6 11. Nge2 a6 12. O-O Ne5 13. d7+ Kd8 14. Qf4
Kxd7 15. Nd5 Qxb2 16. Rac1 h5 17. Nxf6+ exf6 18. Qd2+ Bd6 19. Rxc2 Nxc4 20. Qd3
Qe5 21. Qh3+ Qe6 22. Qf3 Qe3+ 0-1

[Event "OLSW 1819 SK Altenkirchen - SC Turm Win"]
[Site "?"]
[Date "2019.03.24"]
[Round "8.6"]
[White "Kaster, Martin"]
[Black "Robert, Josef"]
[Result "0-1"]
[WhiteElo "2070"]
[BlackElo "1964"]
[PlyCount "106"]
[EventDate "2019.??.??"]

1. d4 Nf6 2. Nf3 e6 3. g3 c5 4. Bg2 Nc6 5. O-O Be7 6. c3 O-O 7. dxc5 Bxc5 8. b4
Be7 9. b5 Na5 10. Ba3 d5 11. Bxe7 Qxe7 12. Nbd2 Bd7 13. Qa4 b6 14. Qb4 Qxb4 15.
cxb4 Nb7 16. a4 a6 17. e4 axb5 18. Ne5 Be8 19. g4 Rxa4 20. Rab1 Nd6 21. exd5
Nxd5 22. Bxd5 exd5 23. Rfd1 f6 24. Nd3 Bg6 25. Nf1 Ra3 26. Nf4 Bxb1 27. Rxb1
Ne4 28. Nxd5 Nc3 29. Nxc3 Rxc3 30. Ne3 Rd8 31. Rb2 g6 32. Kg2 Rdd3 33. Ra2 Rb3
34. Ra6 Rxb4 35. Rxb6 Kg7 36. Rb7+ Kh6 37. Rb6 Kg5 38. h4+ Kxh4 39. Rxf6 Rxe3
40. fxe3 Kxg4 41. Rf2 Re4 42. Re2 b4 43. Rb2 h5 44. Kf2 g5 45. Rb1 h4 46. Ke2
Kf5 47. Rf1+ Ke5 48. Rf8 h3 49. Re8+ Kd5 50. Rg8 h2 51. Rd8+ Kc4 52. Rd1 Rh4
53. Rh1 b3 0-1

[Event "OLSW 1819 SK Altenkirchen - SC Turm Win"]
[Site "?"]
[Date "2019.03.24"]
[Round "8.7"]
[White "Schuetz, Thomas"]
[Black "Hoffmann, Thomas"]
[Result "0-1"]
[WhiteElo "1897"]
[BlackElo "2032"]
[PlyCount "62"]
[EventDate "2019.??.??"]

1. d4 d6 2. Nf3 g6 3. Bf4 Bg7 4. e3 Nf6 5. Bc4 c6 6. c3 b5 7. Bb3 a5 8. a4 O-O
9. h3 Bb7 10. O-O Nbd7 11. Nbd2 Nb6 12. e4 b4 13. Re1 c5 14. Rc1 c4 15. Nxc4
Nxc4 16. Bxc4 bxc3 17. bxc3 Nxe4 18. Ng5 Qc7 19. Rxe4 Bxe4 20. Qb3 e5 21. Be3
Bc6 22. dxe5 d5 23. Bxd5 Bxd5 24. Qxd5 Qxe5 25. Qf3 Rac8 26. c4 h6 27. Bf4 Qd4
28. Be3 Qd3 29. Ne4 Rxc4 30. Rxc4 Qxc4 31. Bc5 f5 0-1

[Event "OLSW 1819 SVG Saarbrücken - SC Heimbach"]
[Site "?"]
[Date "2019.03.24"]
[Round "8.2"]
[White "Bastian, Herbert"]
[Black "Boidman, Yuri"]
[Result "0-1"]
[WhiteElo "2303"]
[BlackElo "2347"]
[PlyCount "78"]
[EventDate "2019.??.??"]

1. e4 c5 2. Nc3 Nc6 3. g3 g6 4. Bg2 Bg7 5. d3 Rb8 6. f4 b5 7. a3 e6 8. e5 f6 9.
Ne4 fxe5 10. Nf3 d5 11. Nxc5 Qb6 12. Nb3 a5 13. Nxe5 Nxe5 14. fxe5 a4 15. Nd2
Qe3+ 16. Qe2 Qxe2+ 17. Kxe2 Bxe5 18. Nf3 Bd6 19. Rf1 Ne7 20. c3 O-O 21. Bh6 Re8
22. Nd4 Bd7 23. Kd2 e5 24. Rf6 Bc7 25. Ne6 Bxe6 26. Rxe6 e4 27. dxe4 dxe4 28.
Bxe4 Kf7 29. Ra6 Rbd8+ 30. Bd3 Nf5 31. Rf1 Kg8 32. Bg5 Rd5 33. Rc6 Bd8 34. Bxd8
Rexd8 35. Rf3 Nd6 36. Kc2 Nf7 37. c4 Rh5 38. Re3 Ne5 39. Rc5 Ng4 0-1

[Event "OLSW 1819 SVG Saarbrücken - SC Heimbach"]
[Site "?"]
[Date "2019.03.24"]
[Round "8.3"]
[White "Schulz, Klaus-Juergen"]
[Black "Mohammad, Samir"]
[Result "1-0"]
[WhiteElo "2326"]
[BlackElo "2311"]
[PlyCount "99"]
[EventDate "2019.??.??"]

1. d4 d5 2. c4 c6 3. Nf3 Nf6 4. Nc3 dxc4 5. a4 Bf5 6. Ne5 Nbd7 7. Nxc4 Qc7 8.
g3 e5 9. dxe5 Nxe5 10. Bf4 Nfd7 11. Bg2 g5 12. Ne3 gxf4 13. Nxf5 O-O-O 14. O-O
Nc5 15. Qc2 fxg3 16. hxg3 a5 17. Rad1 Rxd1 18. Rxd1 h5 19. Ne4 Nxe4 20. Qxe4
Bb4 21. Bh3 Kb8 22. Kg2 Ng6 23. e3 Rd8 24. Rd4 Rxd4 25. Qxd4 Qe5 26. Qd8+ Ka7
27. Nd4 Qe7 28. Qxe7 Bxe7 29. b3 Kb6 30. Kf1 Bf6 31. Nc2 Kc5 32. Ke2 b5 33. Bd7
bxa4 34. bxa4 h4 35. gxh4 Bxh4 36. Be8 Nh8 37. Nd4 Bf6 38. Nxc6 Bc3 39. Kd3 Be1
40. f4 Kd6 41. e4 f6 42. Nd4 Kc5 43. Nf5 Bf2 44. Ke2 Bg1 45. Kf3 Kb4 46. Kg4
Ng6 47. Bxg6 Kxa4 48. Nd6 Kb4 49. Kf5 Bd4 50. Ne8 1-0

[Event "OLSW 1819 SVG Saarbrücken - SC Heimbach"]
[Site "?"]
[Date "2019.03.24"]
[Round "8.4"]
[White "Thomas, Anysia"]
[Black "Puth, Dieter"]
[Result "1/2-1/2"]
[WhiteElo "2142"]
[BlackElo "2221"]
[PlyCount "84"]
[EventDate "2019.??.??"]

1. d4 Nf6 2. c4 g6 3. Nc3 d5 4. cxd5 Nxd5 5. e4 Nxc3 6. bxc3 Bg7 7. Be3 c5 8.
Nf3 Qa5 9. Qd2 O-O 10. Rb1 cxd4 11. cxd4 Qxd2+ 12. Kxd2 Nc6 13. Bd3 f5 14. exf5
gxf5 15. d5 Ne5 16. Nxe5 Bxe5 17. Bg5 Kf7 18. Rhe1 Bf6 19. Bxf6 Kxf6 20. f4 Rd8
21. Re5 Rd6 22. Ke3 b6 23. Rc1 Bd7 24. Rc7 h6 25. Kd4 a5 26. a4 Rd8 27. Kc3 h5
28. g3 e6 29. Bc4 exd5 30. Bxd5 h4 31. Bc4 hxg3 32. hxg3 Rc8 33. Rxc8 Bxc8 34.
Re8 Bd7 35. Rf8+ Ke7 36. Rf7+ Ke8 37. Kb3 Rd4 38. Rf6 Bxa4+ 39. Kc3 Re4 40.
Rxb6 Re3+ 41. Kd4 Rxg3 42. Bb5+ Bxb5 1/2-1/2

[Event "OLSW 1819 SVG Saarbrücken - SC Heimbach"]
[Site "?"]
[Date "2019.03.24"]
[Round "8.5"]
[White "Ronge, Tim Hendrick"]
[Black "Frantz, Nicolas"]
[Result "1-0"]
[WhiteElo "2097"]
[BlackElo "2121"]
[PlyCount "69"]
[EventDate "2019.??.??"]

1. d4 Nf6 2. c4 e6 3. Nc3 Bb4 4. e3 O-O 5. Bd3 d5 6. Nf3 c5 7. O-O dxc4 8. Bxc4
Qc7 9. Nb5 Qe7 10. a3 Ba5 11. dxc5 Qxc5 12. Qe2 a6 13. b4 Qh5 14. Nd6 Bc7 15.
Nxc8 Rxc8 16. Bb2 Nbd7 17. Rac1 g5 18. g3 g4 19. Nd2 Ne5 20. f4 gxf3 21. Nxf3
Neg4 22. Bb3 Qh6 23. Bd4 Ne4 24. Bc2 Ng5 25. Nxg5 Qxg5 26. Bxh7+ Kf8 27. Qf3 f5
28. Bxf5 exf5 29. Rc5 Nh6 30. Qxb7 Qd8 31. Rfc1 Rab8 32. Rxc7 Rxc7 33. Qxc7 Ng4
34. Qg7+ Ke8 35. Rc7 1-0